The synergy of hardware and software : an explanation of program execution

Αποθηκεύτηκε σε:
Λεπτομέρειες βιβλιογραφικής εγγραφής
Κύριος συγγραφέας: Graham, Roger 1942-
Μορφή: Βιβλίο
Γλώσσα:English
Δημοσίευση: London : Prentice Hall, c1998
Θέματα:
Ετικέτες: Προσθήκη ετικέτας
Δεν υπάρχουν, Καταχωρήστε ετικέτα πρώτοι!

MARC

LEADER 00000nam a2200000 i 4500
001 1/13420
008 001129s1998 eng d
020 |a 0-13-145617-2 
035 |l 10064613 
040 |a GR-MY-UA  |b gre  |e aacr 
041 0 |a eng 
082 0 |a 004.22  |2 (22) 
100 1 |a Graham, Roger  |d 1942- 
245 1 4 |a The synergy of hardware and software :  |b an explanation of program execution /  |c Roger Graham 
260 |a London :   |b Prentice Hall,   |c c1998 
300 |a xxii, 322 σ.;  |b εικ.;  |c 24 εκ. 
504 |a Περιλαμβάνει ευρετήριο 
650 0 0 |a Microcomputers. 
852 |a INST  |b SYROS  |e 20001129  |h 004.22 GRA  |p 005500001947  |q 005500001947  |t BK  |y 0 
901 |a BIBL5-2000-3 
909 |a Ε  |b 082629 
922 |a 5ΕΛΗ  |b 200011  |c ΓΡΑΦΙΚΩΝ ΤΕΧΝΩΝ  |d LEADER BOOKS 
970 |a ΚΟΝΤΟΥ  |b ΠΑΡΑΣΚΕΥΗ  |z 2000/11/29